Účtovný pohľad na prechodné a trvalé zníženie hodnoty majetku v účtovníctve podnikateľov
Účtovné jednotky účtujúce v sústave podvojného účtovníctva pred zostavením účtovnej závierky vykonávajú závierkové činnosti, súčasťou ktorých je i tvorba a zúčtovanie opravných položiek. Opravné položky sa tvoria na základe zásady opatrnosti, ak je predpoklad zníženia budúcich ekonomických úžitkov (...
Enregistré dans:
| Auteur principal: | |
|---|---|
| Format: | Chapitre de livre |
| Langue: | slovaque |
| Sujets: | |
| Tags: |
Pas de tags, Soyez le premier à ajouter un tag!
|
MARC
| LEADER | 00000nla$a2200000$$$4500 | ||
|---|---|---|---|
| 001 | 0144367 | ||
| 005 | 20240502072604.8 | ||
| 041 | 0 | |a slo | |
| 044 | |a SK | ||
| 245 | 1 | 0 | |a Účtovný pohľad na prechodné a trvalé zníženie hodnoty majetku v účtovníctve podnikateľov |c Ingrid Šabíková |
| 520 | |a Účtovné jednotky účtujúce v sústave podvojného účtovníctva pred zostavením účtovnej závierky vykonávajú závierkové činnosti, súčasťou ktorých je i tvorba a zúčtovanie opravných položiek. Opravné položky sa tvoria na základe zásady opatrnosti, ak je predpoklad zníženia budúcich ekonomických úžitkov (tzn. predpokladá sa dočasné zníženie hodnoty majetku oproti jeho pôvodnému oceneniu). | ||
| 610 | 2 | 0 | |a jednotka účtovná |
| 610 | 2 | 0 | |a účtovníctvo podvojné |
| 610 | 2 | 0 | |a položky opravné |
| 610 | 2 | 0 | |a majetok hmotný |
| 610 | 2 | 0 | |a majetok nehmotný |
| 610 | 2 | 0 | |a majetok dlhodobý |
| 610 | 2 | 0 | |a oceňovanie |
| 100 | 1 | |a Šabíková, Ingrid | |